Podnikateľský mýtus prečo väčšina malých firiem nefunguje a ako to zmeniť

Guardado en:
Detalles Bibliográficos
Autor principal: Gerber, Michael E.
Otros Autores: Bajaníková, Miroslava
Formato: Libro
Lenguaje:eslovaco
Publicado: Bratislava Eastone Books 2013
Colección:Open mind
Materias:
Etiquetas: Agregar Etiqueta
Sin Etiquetas, Sea el primero en etiquetar este registro!

MARC

LEADER 00000nam a2200000 4500
001 0194395
005 20240314094501.4
020 |a 978-80-8109-219-0 
041 0 |a slo 
044 |a SK 
245 1 0 |a Podnikateľský mýtus  |b prečo väčšina malých firiem nefunguje a ako to zmeniť  |c Michael E. Gerber ; preložila: Miroslava Bajaníková 
264 1 |a Bratislava  |b Eastone Books  |c 2013 
300 |a 210 s. 
490 1 |a Open mind 
830 0 |a Open mind 
610 2 0 |a podnikatelia 
610 2 0 |a podnikanie malé 
610 2 0 |a prognózy 
610 2 0 |a podnik malý 
610 2 0 |a firmy 
610 2 0 |a rozvoj podniku 
610 2 0 |a riadenie podnikové 
610 2 0 |a stratégia podniková 
610 2 0 |a stratégia marketingová 
100 1 |a Gerber, Michael E. 
700 1 |a Bajaníková, Miroslava